| 000 | 00495nam a22001817a 4500 | ||
|---|---|---|---|
| 003 | OSt | ||
| 005 | 20140424084646.0 | ||
| 008 | 140424b xxu||||| |||| 00| 0 eng d | ||
| 020 | _a0140502947 | ||
| 050 |
_aPZ 8 _b.An542Sn 1981 |
||
| 100 | _aAndersen, Hans Christian. | ||
| 245 |
_aThe snow queen / _cHans Christian Andersen |
||
| 260 |
_aNew York : _bPicture Puffins, _c1981. |
||
| 300 |
_a32 p. : _bcol. ill. ; _c22 cm. |
||
| 650 | _aKiddie Feature. | ||
| 942 |
_2lcc _cBK |
||
| 999 |
_c115468 _d115468 |
||